• Dalla Vecchia, Flavio,

di Personal Name

Records bibliografici associati: 1

001 - CONTROL NUMBER

  • control field: 56772

003 - CONTROL NUMBER IDENTIFIER

  • control field:

005 - DATE AND TIME OF LATEST TRANSACTION

  • control field: 20180120133442.0

008 - FIXED-LENGTH DATA ELEMENTS

  • fixed length control field: 180120|| aca||aabn | a|a d

040 ## - CATALOGING SOURCE

  • Original cataloging agency:
  • Transcribing agency:

100 ## - HEADING--PERSONAL NAME

  • Personal name: Dalla Vecchia, Flavio,
  • Relator term: ed.

670 ## - SOURCE DATA FOUND

  • Source citation: Work cat.: ()0: Berger, Klaus, 1940- 56769, Commentario al Nuovo Testamento /, ©2014-©2015.
CREDITS: SOCIETA' SAN PAOLO Via A.Severo, 58 - ROMA (RM) & PERIODICI SAN PAOLO SRL Via Giotto, 36 MILANO & CISF Via Giotto, 36 MILANO & EDIZIONI SAN PAOLO SRL,  Piazza Soncino, 5 CINISELLO BALSAMO (MI) -- ITALY